Normal view
MARC view
- Water
Entry Topical Term
001 - CONTROL NUMBER
- control field: 6328
003 - CONTROL NUMBER IDENTIFIER
- control field: NUST
005 - DATE AND TIME OF LATEST TRANSACTION
- control field: 20171113134240.0
008 - FIXED-LENGTH DATA ELEMENTS
- fixed length control field: 171113|| aca||aabn | a|a d
040 ## - CATALOGING SOURCE
- Original cataloging agency: NUST
- Transcribing agency: NUST
150 ## - HEADING--TOPICAL TERM
- Topical term or geographic name entry element: Water
- General subdivision: Purification
- General subdivision: Microbial removal.
670 ## - SOURCE DATA FOUND
- Source citation: Work cat.: (NUST)0: Algae detection and removal strategies for drinking water treatment plants /, c2004.
